000 01137cam a22003013a 4500
001 22463
003 PGUSA
005 20140828083458.0
008 080826s2008||||xxu|||||s|||||000 1 eng d
040 _aPGUSA
_beng
042 _adc
050 4 _aPS
100 1 _aCabell, James Branch,
_d1879-1958
245 1 0 _aChivalry
_h[electronic resource] /
_cJames Branch Cabell
260 _bProject Gutenberg,
_c2008
505 0 _aThe story of the sestina -- The story of the tenson -- The story of the rat-trap -- The story of the choices -- The story of the housewife --The story of the satraps -- The story of the heritage -- The story of the scabbard -- The story of the Navarrese -- The story of the fox-brush.
506 _aPublic domain in the USA.
516 _aElectronic text
653 _aFantasy fiction
653 _aMiddle Ages -- Fiction
653 _aHistorical fiction
700 1 _aPyle, Howard,
_d1853-1911
700 1 _aElliott, Elizabeth Shippen Green,
_d1871-1954
700 1 _aLawrence, William Hurd
830 0 _aProject Gutenberg
_v22463
856 4 0 _uhttp://www.gutenberg.org/ebooks/22463
942 _cEB
999 _c251718
_d251718